|
|
|
|
| LEADER |
00000nam0a2200000 4500 |
| 001 |
221872 |
| 005 |
20231101230430.0 |
| 010 |
|
|
|a 5247004701
|
| 035 |
|
|
|a (RuTPU)RU\TPU\book\242053
|
| 090 |
|
|
|a 221872
|
| 100 |
|
|
|a 20120915d1989 k y0rusy50 ca
|
| 101 |
0 |
|
|a rus
|
| 102 |
|
|
|a RU
|
| 105 |
|
|
|a a z 001zy
|
| 200 |
1 |
|
|a Окисление сульфидных минералов в процессах обогащения
|f В. М. Авдохин, А. А. Абрамов
|
| 210 |
|
|
|a Москва
|c Недра
|d 1989
|
| 215 |
|
|
|a 232 с.
|c ил.
|
| 320 |
|
|
|a Библиогр.: с. 230.
|
| 606 |
1 |
|
|a Сульфидные минералы
|x Окисление
|x Обогащение
|2 stltpush
|3 (RuTPU)RU\TPU\subj\58276
|9 76081
|
| 610 |
1 |
|
|a свойства
|
| 610 |
1 |
|
|a электродная кинетика
|
| 610 |
1 |
|
|a окислительные среды
|
| 610 |
1 |
|
|a взаимное влияние
|
| 610 |
1 |
|
|a термодинамическая стабильность
|
| 610 |
1 |
|
|a флотация
|
| 610 |
1 |
|
|a реагенты-регуляторы
|
| 610 |
1 |
|
|a контроль
|
| 675 |
|
|
|a 622.7.016
|v 3
|
| 700 |
|
1 |
|a Авдохин
|b В. М.
|g Виктор Михайлович
|
| 701 |
|
1 |
|a Абрамов
|b А. А.
|g Александр Алексеевич
|
| 801 |
|
1 |
|a RU
|b 63413507
|c 20120915
|
| 801 |
|
2 |
|a RU
|b 63413507
|c 20170119
|g RCR
|
| 942 |
|
|
|c BK
|